Statystyki dla Kraje Świata

Kliknij tutaj aby rozwiązać quiz!

Ogólne statystyki

  • Ten quiz został rozwiązany 1 867 razy
  • Średni wynik to 100 z 196

Odpowiedzi na mapie

Odpowiedzi skodowane kolorowo w zielono-czerwonej skali na mapie do tego quizu, zgodnie z poniższymi procentami.
Ładowanie ...
 

Statystyki odpowiedzi

Country% Poprawnych
Stany Zjednoczone
96%
Polska
95%
Niemcy
94%
Rosja
94%
Francja
93%
Ukraina
93%
Hiszpania
92%
Kanada
92%
Wielka Brytania
92%
Białoruś
91%
Chiny
91%
Czechy
91%
Włochy
91%
Litwa
90%
Szwecja
90%
Łotwa
89%
Meksyk
89%
Portugalia
89%
Słowacja
89%
Dania
88%
Norwegia
88%
Australia
87%
Brazylia
87%
Finlandia
87%
Japonia
87%
Estonia
85%
Grecja
85%
Irlandia
85%
Turcja
85%
Austria
84%
Belgia
84%
Argentyna
83%
Chorwacja
83%
Holandia
83%
Islandia
83%
Szwajcaria
82%
Egipt
81%
Rumunia
81%
Indie
80%
Korea Północna
80%
Korea Południowa
80%
Chile
79%
Kazachstan
79%
Węgry
79%
Słowenia
77%
Bośnia i
Hercegowina
76%
Albania
75%
Bułgaria
74%
Madagaskar
73%
Niger
72%
Kuba
71%
Mołdawia
71%
Mongolia
71%
Watykan
71%
Arabia Saudyjska
70%
Irak
70%
Iran
70%
Luksemburg
70%
Nowa Zelandia
69%
Peru
69%
RPA
69%
Serbia
69%
Indonezja
68%
Czarnogóra
66%
Cypr
65%
Kosowo
65%
Macedonia
65%
Maroko
65%
Nigeria
65%
Kolumbia
64%
Malta
63%
Urugwaj
63%
Andora
62%
Monako
61%
Izrael
60%
Liechtenstein
60%
San Marino
60%
Boliwia
58%
Dominika
58%
Filipiny
58%
Wenezuela
58%
Algieria
57%
Pakistan
56%
Afganistan
55%
Gruzja
54%
Tunezja
54%
Wietnam
54%
Zjednoczone Emiraty Arabskie
54%
Armenia
53%
Oman
53%
Kongo
52%
Panama
52%
Uzbekistan
52%
Libia
51%
Ekwador
50%
Dominikana
49%
Katar
49%
Paragwaj
49%
Syria
49%
Tajlandia
49%
Czad
48%
Etiopia
48%
Sudan
48%
Azerbejdżan
47%
Jemen
47%
Nepal
47%
Kenia
46%
Tajwan
46%
Demokratyczna Republika Konga
45%
Malezja
45%
Sri Lanka
45%
Jamajka
44%
Turkmenistan
44%
Papua Nowa Gwinea
43%
Bangladesz
42%
Somalia
42%
Kostaryka
41%
Angola
40%
Jordania
40%
Haiti
39%
Laos
39%
Tadżykistan
39%
Gujana
38%
Kirgistan
38%
Liban
38%
Wybrzeże Kości Słoniowej
38%
Kambodża
37%
Malediwy
37%
Senegal
37%
Zambia
37%
Mali
36%
Honduras
35%
Bhutan
34%
Gwatemala
33%
Sudan Południowy
33%
Uganda
33%
Zimbabwe
33%
Singapur
32%
Ghana
31%
Gwinea
31%
Bahamy
30%
Kuwejt
30%
Tanzania
30%
Salwador
29%
Botswana
28%
Fidżi
28%
Mjanma
27%
Mozambik
27%
Nikaragua
27%
Surinam
27%
Kamerun
26%
Lesotho
26%
Togo
25%
Wyspy Marshalla
25%
Belize
24%
Liberia
24%
Mikronezja
24%
Republika Środkowoafrykańska
24%
Seszele
24%
Erytrea
23%
Gabon
23%
Gwinea Równikowa
23%
Mauretania
23%
Namibia
22%
Wyspy Salomona
22%
Wyspy Zielonego Przylądka
22%
Wyspy Świętego Tomasza i Książęca
21%
Bahrajn
20%
Benin
20%
Barbados
19%
Burkina Faso
19%
Gambia
19%
Rwanda
19%
Timor Wschodni
19%
Eswatini
18%
Brunei
17%
Dżibuti
17%
Burundi
16%
Malawi
16%
Saint Lucia
16%
Sierra Leone
16%
Gwinea-Bissau
15%
Kiribati
15%
Mauritius
15%
Komory
13%
Nauru
13%
Palau
13%
Tuvalu
13%
Antigua i Barbuda
12%
Grenada
12%
Samoa
12%
Tonga
12%
Saint Kitts i Nevis
11%
Vanuatu
11%
Trinidad i Tobago
4%
Saint Vincent and the
Grenadines
1%

Rozkład punktacji

Percentyl według liczby udzielonych odpowiedzi

Procent ludzi z każdym wynikiem

Twoja historia wyników

Nie rozwiązałeś tego quizu